Опознавание изображений. Основы непрерывно-групповой теории и ее приложения

Détails bibliographiques
Auteur principal: Файн В. С. Виталий Самойлович
Langue:russe
Publié: Москва, Наука, 1970
Sujets:
Format: MixedMaterials Livre
KOHA link:https://koha.lib.tpu.ru/cgi-bin/koha/opac-detail.pl?biblionumber=81838

MARC

LEADER 00000nam0a2200000 4500
001 81838
005 20231031095350.0
035 |a (RuTPU)RU\TPU\book\87967 
090 |a 81838 
100 |a 20050924d1970 km y0rusy50 ca 
101 0 |a rus 
102 |a RU 
105 |a a z 001zy 
200 1 |a Опознавание изображений. Основы непрерывно-групповой теории и ее приложения  |f В. С. Файн 
210 |a Москва  |c Наука  |d 1970 
215 |a 299 с.  |c ил. 
320 |a Библиогр.: с. 284-296 
610 1 |a изображения 
610 1 |a распознавание 
610 1 |a распознавание образов 
610 1 |a непрерывно-групповая теория 
610 1 |a информация 
610 1 |a передача 
675 |a 681.142.37  |v 3 
700 1 |a Файн  |b В. С.  |g Виталий Самойлович 
801 1 |a RU  |b 63413507  |c 20050924  |g PSBO 
801 2 |a RU  |b 63413507  |c 20160831  |g PSBO 
942 |c BK